书目信息 |
| 题名: |
ADC的动态特征
|
|
| 作者: | Dominique Dallet | |
| 分册: | ||
| 出版信息: | 北京 科学出版社 2007 |
|
| 页数: | 277页 | |
| 开本: | 20cm | |
| 丛书名: | ||
| 单 册: | ||
| 中图分类: | TP335 | |
| 科图分类: | ||
| 主题词: | 电子数字计算机 | |
| 电子资源: | ||
| ISBN: | 978-7-03-018246-3 | |
| 000 | 00523nam0 2200181 450 | |
| 001 | 0735592734 | |
| 005 | 20070906095312.73 | |
| 010 | @a978-7-03-018246-3@d¥42.00 | |
| 100 | @a20070906d km y0chiy0120 ea | |
| 101 | 0 | @achi |
| 200 | 1 | @aADC的动态特征@AADC de dong tai te zheng@fDominique Dallet等@FDominique Dallet deng |
| 210 | @a北京@c科学出版社@d2007 | |
| 215 | @a277页@d20cm | |
| 606 | 0 | @a电子数字计算机 |
| 690 | @aTP335@v3 | |
| 701 | 0 | @aDominique Dallet |
| 801 | 0 | @aCN@bPFT@c20070906 |
| 905 | @a213230@dTP335@ep9:2@f1 | |
| ADC的动态特征/Dominique Dallet等.-北京:科学出版社,2007 |
| 277页;20cm |
| ISBN 978-7-03-018246-3:¥42.00 |
| ● |
| 相关链接 |
|
|
|
|
正题名:ADC的动态特征
索取号:TP335/p9:2
 
预约/预借
| 序号 | 登录号 | 条形码 | 馆藏地/架位号 | 状态 | 备注 |
| 1 | 7202136 | 272021359 | 密集书库-物理学院/ [索取号:TP335/p9:2] | 在馆 | |
| 2 | 7202137 | 272021368 | 密集书库-物理学院/ [索取号:TP335/p9:2] | 在馆 | |
| 3 | 7202138 | 272021377 | 密集书库-物理学院/ [索取号:TP335/p9:2] | 在馆 | |
| 4 | 7202139 | 272021386 | 密集书库-物理学院/ [索取号:TP335/p9:2] | 在馆 | |
| 5 | 7202140 | 272021395 | 密集书库-物理学院/ [索取号:TP335/p9:2] | 在馆 |